00674nam a2200181 i 450000100060000000300090000600700030001500800410001810000140005924501470007326000600022030000350028049000560031570000280037170000190039983000530041885200210047175437ES-MaACLt|040924s1933 sp ||||1| spa d1 aGrafe, E.10anfermedades de la Nutrición y su tratamiento / cpor E. Grafe ; traducción directa del alemán por P. Carrasco Martínez y Hedwig Olmes. aBarcelona : bLabor, c1933 (fTalls. Ibero-Americanos) aXVI, 544 p. : bil. ; c24 cm.1 aLas especialidades en la medicina práctica ; v131 aCarrasco Martínez, P.1 aOlmes, Hedwig.04aLas especialidades en la medicina prácticav13 aES-MaACLjC-6696